¿Qué es la historia cuantitativa? /

Polémica entre los dos autores sobre cómo hacer historia. Para Marczewski la historia cuantitativa es un aspecto importante para la investigación histórica, sin embargo, no excluye a la cualitativa. Vilar opina que la historia económica es lo más importante al momento de realizar una investigación h...

Descripción completa

Guardado en:
Detalles Bibliográficos
Autor principal: Marczewski, Jean (autor)
Otros autores: Vilar, Pierre (autor) (autor)
Formato: Libro
Idioma:Español
Temas:
Etiquetas: Agrega una etiqueta
Sin etiquetas, Sé el primero en etiquetar este registro!

MARC

LEADER 00000nam^a2200000^a^4500
001 000126272
005 20250521000000.0
009 20260310094719.485
037 |a Acervo ITESO - Biblioteca 
041 |a ESP 
082 |a 907. 2  |b MAR 
100 |a Marczewski, Jean  |e (autor) 
245 1 0 |a ¿Qué es la historia cuantitativa? /  |c J. Marczewski, P. Vilar ; presen. de Alberto J. Pla ; tr. por Martha H. Cavilliotti. 
300 |a 97 p. 
336 |a texto  |b txt  |2 rdacontenido 
337 |a sin mediación  |b n  |2 rdamedio 
338 |a volumen  |b nc  |2 rdasoporte 
500 |a Traducción de: Qu'est-ce que l'histoire quantitative? 
520 |a Polémica entre los dos autores sobre cómo hacer historia. Para Marczewski la historia cuantitativa es un aspecto importante para la investigación histórica, sin embargo, no excluye a la cualitativa. Vilar opina que la historia económica es lo más importante al momento de realizar una investigación histórica. 
649 |a XX 
650 |a Historia -  |x Teoría 
650 |a Metodología Cuantitativa 
650 |a Historia -  |x Investigación 
650 |a Historia -  |x Metodología 
650 |a Economía -  |x Teoría 
700 |a Vilar, Pierre  |e (autor) 
910 |a Fondo Salvador Reynoso Reynoso 
920 |a Impresos - Libros 
930 |a Fondos Especiales 
905 |a 112 
901 |a 0800008665  |b IT2  |c ESP  |u 20250521 
902 |a https://opac.biblio.iteso.mx/vufind/Record/000126272